000 00744nam a2200241 a 4500
005 20180803165053.0
008 140310b2000 ck ||||| |||| 00| 0 spa d
040 _aCO-BoIAVH
_cCO-BoIAVH
041 0 _aspa
044 _ack
090 _aLB
_b02890
100 1 _aLozano Rojas, Gustavo
245 1 0 _aDiagnóstico forestal del plan de ordenamiento territorial del municipio de López de Micay
260 _aPopayán :
_bs.n.,
_c2000.
300 _a50 páginas :
_btablas ;
_c28 cm.
650 6 _aBosques
650 6 _aRecursos forestales
650 6 _aVegetación
650 6 _aManglares
650 6 _aExplotación maderera
662 _aColombia
_dLópez de Micay
_bCauca
942 _cINFORME
_2z
999 _c3128
_d3128